| 000 | 01625nam2a2200277 4500 | ||
|---|---|---|---|
| 001 | RU\NLR\BIBL_A\011664474 | ||
| 005 | 20180416111222.0 | ||
| 010 | _a978-5-9227-0696-4 | ||
| 010 |
_a978-5-9227-0697-1 _9100 |
||
| 021 |
_aRU _bКН-П-18-012893 _9КН-П-18-0923 |
||
| 035 | _a(NLR Aleph) 011664474 | ||
| 035 | _a(RuMoRGB)009551341 | ||
| 090 |
_a11200159 _c11200159 |
||
| 100 | _a20180326d2016 u y0rusy50 ca | ||
| 101 | 0 | _arus | |
| 102 | _aRU | ||
| 105 | _aa j 000zy | ||
| 200 | 0 | _aЧ. 1 | |
| 210 | _d2016 | ||
| 215 |
_a407, [1] с. _cил., табл. |
||
| 320 | _aБиблиогр.: с. 404 (17 назв.) | ||
| 461 | 0 |
_1001RU\NLR\BIBL_A\011681778 _12001#$aЭлектротехника$eучебное пособие$e[в 2 ч.]$fА. В. Бондаренко, А. А. Лебедева$gМинистерство образования и науки Российской Федерации, Санкт-Петербургский государственный архитектурно-строительный университет$vЧ. 1 _1700#1$aБондаренко$bА. В.$gАнатолий Васильевич _911290480 _aБондаренко, А. В. _cСанкт-Петербург _d2016 _e[2-е изд., испр. и доп.] _fА. В. Бондаренко, А. А. Лебедева _nСанкт-Петербургский государственный архитектурно-строительный университет _oучебное пособие : [в 2 ч.] _tЭлектротехника _vЧ. 1 |
|
| 942 | _cBOOK | ||
| 980 | _aNB | ||